000 01348 am a2200313 a 4500
005 20240227133140.0
008 100610s1997||||ag d f |||| 001 0 spa d
020 _a950694511X
041 _aspa
092 _c344
_l30
_sGON
100 1 _aGonzález García, Ginés.
_91194
245 4 _aMas salud por el mismo dinero.
_bLa reforma del sistema de salud en Argentina /
_cGinés González García
250 _a1a ed.
260 _aBuenos Aires:
_bIsalud;
_c1997.
300 _a297 p.
500 _aGonzález García, G. y Tobar, F. (1997). Mas salud por el mismo dinero. La reforma del sistema de salud en Argentina. (1a ed.). Buenos Aires : Isalud.
653 _aReformas sanitarias
653 _aPolítica de salud, estado de salud de la población y sistemas de salud
653 _aProblemas de salud en la Argentina
653 _aEstado y salud. Medicina versus salud pública
653 _aTipos ideales de sistemas de salud. Modelos de financiamiento. Modelos de provisión
653 _aModelos argentino de salud. Nuevas y antiguas reformas del sistema de salud argentino
653 _aFinanciamiento y reforma del sistema de salud
653 _aReforma competitiva. Reforma solidaria
653 _aCómo reformar el sistema de salud en Argentina
700 1 _aTobar, Federico.
_91106
930 _a1716
942 _2ddc
_cBK
999 _c352
_d352